000 00623nam a2200217Ia 4500
008 160803s9999 xx 000 0 und d
020 _a9780439173179
100 _aNancy, Ted L.
245 _aLetters from a nut /
245 _c Ted L. Nancy ; introduction by Jerry Seinfeld.
260 _aNew York :
260 _bScholastic Inc.
260 _c2000
300 _a1 volume (132 unnumbered pages) ;
300 _c23 cm.
500 _aOriginally published: New York : HarperCollins Children's Books, 1997.
650 _aAmerican wit and humor.
650 _aLetters --
650 _xHumor.
700 _a840
999 _c298577
_d298577